000 02118nam a22002657a 4500
999 _c22196
_d22196
003 AR-CdUCM
008 190425b ||||| |||| 00| 0 spa d
040 _aMUNICIPALIDAD PROVINCIAL DEL CUSCO
_cBIBLIOTECA MUNICIPAL DEL CUSCO
082 _aOropesa/N°100/2016
245 _aOropesa :
_brevista de cultura y educación de opinión y crítica /
_cAmérico Valer Vargas, Director
260 _aCusco.
_bLezama,
_c2016.
300 _a74 páginas. :
_bilustraciones ;
_c30 cm.
440 _aOropesa.
_nAño XXXV, N°100, diciembre 2016.
_947620
505 _aContenido: Proeza 100 de la revista Oropesa. -- Reseña histórica de la revista Oropesa. -- Américo Valer Vargas hombre de lucha y perseverancia. -- Variaciones fonético fonológicas del quechua del distrito de Layo provincia Canas Cusco. -- Confesiones de García Márquez. -- Debilitamiento del Qheswa simi. -- Arte y cultura Justo Béjar en el recuerdo. -- El Inca Garcilaso de la Vega la etnología y la etnohistoria modernas. -- La Antropología de la muerte y el Patrimonio funerario en los estudios de Rossano Calvo. -- Poesías. -- En defensa de los panaderos la verdad del paro del 05 de octubre de 1948. -- La pandemia de la corrupción que corroe al Perú. -- El Santurantikuy y el día del reencuentro en el Cuzco del 2016. -- María Rostoworowski Tovar Diez Canseco una pasión por el Perú con identidad. -- El Señor de Huanca y el Apu Pachatusan. -- Coca hoja sagrada de los Incas. -- Estructura de la rampa Inka Ollantaytambo. -- Wánchaq debe escribirse con tilde. -- Trayectoria del SUTEP Cusco. -- Lo que plantea el traslado de la Casa Acomoqo. -- Represa Inambari importancia e impactos ambientales. -- Historia del Festival del Culto al agua o Qocha Raymi Urcos. ...
650 _aPolítica cusqueña
_947381
650 _aCultura andina
_947570
650 _aSociedad cusqueña
_947493
650 _aSiglo XX
_947561
700 _aAvendaño Farfán, Ángel
_922687
700 _aCalvo Calvo, Rosano
_947621
700 _aPanti Hermoza, Yuli Tania
_922361
700 _aFlores Ochoa, Jorge
_92915
942 _2ddc
_cPP
945 _arac